000 00415nam a2200169Ia 4500
008 230524s9999 xx 000 0 und d
020 _a9780199452057
082 _a5.133
_bTHA
100 _aReema Thareja
245 0 _aIntroduction to C Programming
250 _a2
260 _aNew Delhi
_bOxford
_c2018
300 _a"XI,383p;"
500 _aQuantity Number: 10
650 _aComputer Science
942 _cBK
999 _c60672
_d60672